000 01031cam a2200313 a 4500
999 _c41712
_d41712
001 2314505
003 OSt
005 20221104095054.0
008 810514s1982 ctua b 001 0 eng
010 _a 81007961
020 _a8123910010
020 _a0870553747
040 _aDLC
_cDLC
_dDLC
050 0 0 _aQR53
_b.P67 1982
082 0 0 _a660.62
_219
_bPRE/I
100 1 _aPrescott, Samuel Cate,
_d1872-1962
_99239
240 1 0 _aIndustrial microbiology
245 1 0 _aPrescott & Dunn's industrial microbiology.
250 _a4th ed. /
_bedited by Gerald Reed.
260 _aWestport, Conn. :
_bAVI Pub. Co.,
_cc1982.
300 _axii, 883 p. :
_bill. ;
_c23 cm.
504 _aIncludes bibliographies and index.
650 0 _aIndustrial microbiology.
700 1 _aDunn, Cecil Gordon,
_d1904-
700 1 _aReed, Gerald,
_d1913-
740 0 _aPrescott and Dunn's industrial microbiology.
906 _a7
_bcbc
_corignew
_d1
_eocip
_f19
_gy-gencatlg
942 _2ddc
_cBK
_h660.62
_iPRE/I
_k660.62
_mPRE/I